Poorest Countries in the world - Statistics

General Stats
  • This quiz has been taken 207 times
  • The average score is 14 of 20
Answer Stats
Gdp per capital ($) Country % Correct
1,675 Niger
89%
1,552 Democratic Republic of the Congo
88%
2,062 Somalia
87%
455 South Sudan
84%
916 Burundi
83%
1,123 Central African Republic
82%
2,714 Mali
78%
2,620 Chad
77%
1,712 Malawi
72%
2,911 Togo
72%
1,649 Mozambique
71%
2,781 Burkina Faso
68%
1,882 Liberia
68%
2,975 Zimbabwe
68%
2,993 The Gambia
67%
1,996 Yemen
67%
2,189 Sierra Leone
64%
1,979 Madagascar
59%
2,713 Solomon Islands
28%
2,939 Vanuatu
28%
No matching quizzes found
Score Distribution
Percent of People with Each Score
Percentile by Number Answered
Your Score History
You have not taken this quiz